| 000 | 01013cam a2200205 4500 | ||
|---|---|---|---|
| 001 | X106726 | ||
| 008 | 000000n2000 000 0 eng u | ||
| 035 | _a(Sirsi) u106726 | ||
| 245 | _aUnitary development plan | ||
| 260 | _c2000 | ||
| 490 |
_aEstates Gazette Case Summaries _v[2000] EGCS 65 |
||
| 520 | _a"St Paul's Development Ltd v Gateshead MBC and another" QBD 22 May 2000. Respondent council adopting unitary development plan allocating sites for employment and residential uses. Applicant seeking to quash relevant parts- Whether council failing to take material considerations into account-Whether council erring in failing to hold further inquiry. Application allowed. (Adapted from headnote) | ||
| 650 | _aST PAUL'S DEVELOPMENT LTD V GATESHEAD MBC AND ANOTHER | ||
| 650 | _aUNITARY DEVELOPMENT PLAN | ||
| 650 | _aOUTLINE PLANNING CONSENT | ||
| 650 | _aTOWN AND COUNTRY PLANNING ACT 1990 S78 | ||
| 650 | _aMATERIAL CONSIDERATIONS | ||
| 690 |
_aPlanning and development _96259 |
||
| 942 | _n0 | ||
| 999 |
_c63883 _d63883 |
||